Statystyki dla Jaki to piłkarz? #1

Kliknij tutaj aby rozwiązać quiz!

Ogólne statystyki

  • Ten quiz został rozwiązany 1 548 razy
  • Średni wynik to 8 z 15

Statystyki odpowiedzi

Odpowiedź% Poprawnych
Hiszpański napastnik, najbardziej znany z występów w LiverpooluFernando Torres
81%
Zdobywca Złotej Piłki w 2007 roku, reprezentacyjny kolega m.in. RonaldinhoKaka
77%
Senegalski obrońca, jeden z najlepszych w Serie A (aktualnie)Kalidou Koulibaly
73%
Angielski skrzydłowy grający na co dzień w BundeslidzeJadon Sancho
62%
Ikona Realu Madryt w XXI wieku, silnie związany z klubem. Powstała na jego "cześć" piosenka o tytule "Czerwony ..."Sergio Ramos
62%
Żywa legenda holenderskiej piłki, znany ze swojej lewej nogiArjen Robben
57%
Brazylijski golkiper, legenda AC MilanuDida
54%
Kontrowersyjny zawodnik, zdarzyło mu się kiedyś odpalić fajerwerki w łazience swojego mieszkaniaMario Balotelli
53%
Popularny "Ryba". Niegdyś grywał jako skrzydłowy, od jakiegoś czasu częściej widujemy go na boisku w roli lewego obrońcyMaciej Rybus
48%
Piłkarz PSG, miał przyjemność grać w jednej drużynie m.in. z Leo Messim oraz Cristiano Ronaldo.Angel di Maria
47%
Jego zmiana przyczyniła się do walkowera dla Celticu w eliminacjach do Ligi MistrzówBartosz Bereszyński
37%
Serbski pomocnik, który po odejściu z Southampton, nabrał "wiatru w żagle". Obecnie jego kariera pędzi jak burza, mimo iż sam zawodnik ma niecałe 31 lat.Dusan Tadic
37%
Syn znanego trenera, zawodnik ACF FiorentinaGiovanni Simeone
32%
Były zawodnik Legii Warszawa, znany ze swojej fryzury "na borsuka"Danijel Ljuboja
25%
"Legenda" Arsenalu, popularny Człowiek Szklanka. Zakończył zawodową karierę 25 lutego 2019 rokuAbou Diaby
8%

Rozkład punktacji

Percentyl według liczby udzielonych odpowiedzi

Procent ludzi z każdym wynikiem

Twoja historia wyników

Nie rozwiązałeś tego quizu